Văn hóa rượu của đồng bào Tày Nùng
সংরক্ষণ করুন:
| প্রধান লেখক: | |
|---|---|
| অন্যান্য লেখক: | |
| বিন্যাস: | গ্রন্থ |
| ভাষা: | Vietnamese |
| প্রকাশিত: |
Hà Nội
Văn hóa Thông tin
2014
|
| বিষয়গুলি: | |
| ট্যাগগুলো: |
ট্যাগ যুক্ত করুন
কোনো ট্যাগ নেই, প্রথমজন হিসাবে ট্যাগ করুন!
|
| Thư viện lưu trữ: | Trung tâm Học liệu Lê Vũ Hùng, Trường Đại học Đồng Tháp |
|---|
| LEADER | 00985pam a22003138a 4500 | ||
|---|---|---|---|
| 001 | 00032244 | ||
| 005 | 20171026081025.0 | ||
| 008 | 140602s2014 ||||||viesd | ||
| 020 | # | # | |a 9786045014790 |
| 041 | 0 | # | |a vie |
| 082 | 1 | 4 | |a 394.109 597 |b V115H |
| 100 | 1 | # | |a Dương, Sách |
| 245 | 1 | 0 | |a Văn hóa rượu của đồng bào Tày Nùng |c Dương Sách, Dương Thị Đào |
| 260 | # | # | |a Hà Nội |b Văn hóa Thông tin |c 2014 |
| 300 | # | # | |a 227 tr. |c 21 cm |
| 500 | # | # | |a ĐTTS ghi: Hội Văn nghệ dân gian Việt Nam |
| 653 | # | # | |a Dân tộc Nùng |
| 653 | # | # | |a Văn hóa ẩm thực |
| 653 | # | # | |a Văn hóa dân gian |
| 653 | # | # | |a Việt Nam |
| 653 | # | # | |a Rượu |
| 700 | 1 | # | |a Dương, Thị Đào |
| 852 | # | # | |j KD.0015826 |
| 852 | # | # | |b Kho đọc |j KD.0015826 |
| 910 | |d 2/6/2014 | ||
| 980 | # | # | |a Trung tâm Học liệu Lê Vũ Hùng, Trường Đại học Đồng Tháp |


